000 00482nam a2200193Ia 4500
005 20240823022708.0
008 240823s9999||||xx |||||||||||||| ||und||
020 _a81-317-0212-X
041 _aENGLISH
082 _A005.82 P7
100 _aWenbo Mao
245 0 _aModern Cryptography : Theory and Practice
250 _a1st
260 _c2007
_b"Pearson Education,New "
500 _aYES
650 _aCryptography
_bInformation Technology
942 _cBK
999 _c179780
_d179780